000 00282nam a22001337a 4500
008 171016b xxu||||| |||| 00| 0 eng d
020 _a002354600-X
041 _aeng
080 _a33
100 _a52
101 _aEKO
245 _aURBAN ECONOMICS
_cHIRSCH,W.Z
942 _2udc
_cBK
999 _c34165
_d34165